1497 1229 1649 1303 1612 1359 1803 1490 1519 1940 1129 1684 1287 1651 1502 1073 1692 1717 1290 1482 1730 1805 1036 1355 1333 1274 1173 1396 1730 1919 1143 1231 1294 1175 1969 1486 1500 1230 1586 1091 1880 1382 1323 1514 1826 1286 1425 1805 1466 1304 1638 1133 1081 1674 1950 1587 1130 1883 1748 1508 1831 1543 1312 1976 1327 1213 1069 1102 1710 1818 1541 1489 1374 1125 1769 1696 1427 1856 1585 1518 1110 1877 1077 1330 1755 1447 1552 1967 1308 1048 1726 1677 1983 1893 1364 1479 1140 1654 1334 BCNSPRNW ULIB Ver.6.0+V

เปลี่ยนเป็นภาษาไทย

Change to English
 แสดงรายละเอียดบรรณานุกรม
  กลับหน้าหลัก

Brief Record : Get Marc (ISO 2709) : E-mail record : QR code < ปิดหน้าต่าง
LEADER : 00000nam 2200000uu 4500
001    13399126359
003     ULIB
008    180911s2558||||th 000 0 tha d
020    ^a9786165128520
050  4 ^aSB 449^bณ161ง
100 0  ^aณภัทร ทองแย้ม
245 10 ^aงานฝีมือสุดคุ้ม ชุดการจัดดอกไม้ร่วมสมัย /^cณภัทร ทองแย้ม
260    ^aกรุงเทพฯ :^bวาดศิลป์,^c2558
300    ^a63 หน้า :^bภาพประกอบสี
650  4 ^aการจัดดอกไม้
945    ^p200^l0^i004592
999    ^aประนอม เกษจรัล
รายการนี้ยังไม่มีแท็ก
คุณยังไม่ได้ล็อกอิน คุณสามารถมีกิจกรรมร่วมกับเว็บไซต์ได้ แต่ต้องล็อกอินก่อน ::
  ล็อกอิน

รายการสื่อสารสนเทศ

ลำดับที่ ประเภท เลขเรียก/บาร์โค้ด สถานที่ สถานะ
1. การศึกษาทั่วไป
หนังสือสำรอง
สถานะ=หนังสือสำรอง
SB 449 ณ161ง ฉ.1 
  Barcode: 004592
ห้องสมุดวิทยาเขตสวรรค์ประชารักษ์
►หนังสือทั่วไป
บนชั้น

รายการใกล้เคียง
    ผู้แต่ง [ณภัทร ทองแย้ม]

    หัวเรื่อง [การจัดดอกไม้]

BibComment


ยังไม่เคยถูกคอมเมนท์

คอมเมนท์ทรัพยากรรายการนี้
  คอมเมนท์: งานฝีมือสุดคุ้ม ..


 Copyright 2026. Bcnsprnw @Library